| 000 | 10890 a2200769 4500 | ||
|---|---|---|---|
| 005 | 20111013123353.0 | ||
| 010 | _a B-449560-605 | ||
| 020 |
_a8181436687 _c175.00 |
||
| 035 | _a B-449560-605 | ||
| 037 | _bबल्यूबेरी बुक्स | ||
| 082 | _a 820.8 | ||
| 100 | 1 |
_aधर्मवीर _940660 |
|
| 245 | 1 |
_aचमार की बेटी रूपा / _cधर्मवीर |
|
| 246 |
_a _b |
||
| 260 |
_aनई दिल्ली _bवाणी प्रकाशन, _c2007 |
||
| 270 |
_a21-ए,दरियागंज _bनई दिल्ली _e110002 |
||
| 300 |
_a138पृ _c22सेमी (सजिल्द) |
||
| 490 |
_aमातृसत्ता, पितृसत्ता और जारसत्ता, खण्ड- सात _940661 |
||
| 942 |
_adpl _cHN _k 820.8 _2ddc _mधर्मवी |
||
| 999 |
_c57602 _d57602 |
||